000 00532nam a2200217Ia 4500
008 210210b1932 xxu||||| |||| 00| 0 eng d
041 _aeng
082 _a030/122
100 _aWYLD (Henry Cecil) Ed
245 _aUniversal dictionary of the english language
260 _aLondon
_bGeorge Routledge and Sons Limited
_c1932
300 _axix,1431
650 _aUniversal
650 _athe
650 _aof
650 _alanguage
650 _aenglish
650 _adictionary
690 _aDictionaries
906 _a000170
999 _c76698
_d76698